| 000 | 01103nam a22003137a 4500 | ||
|---|---|---|---|
| 003 | CHAP | ||
| 005 | 20220329143548.0 | ||
| 008 | 100601s2009 mx a r 00010 spa d | ||
| 010 | _a98562 | ||
| 011 | _a99534 | ||
| 020 | _a9786071290945 | ||
| 035 | _a110220 | ||
| 040 | _cCHAP | ||
| 082 | 0 | 4 |
_a574.52642 _bB65 |
| 245 | 0 | 3 |
_aEl bosque mesófilo de montaña en el estado de Hidalgo : _bperspectiva ecológica frente al cambio climático _c/por Alejandro Ismael Monterroso Rivas |
| 260 |
_aChapingo, Méx. : _bUACH, _c2009 |
||
| 300 |
_a146 p. : _bilus.cuadros y gráficas |
||
| 590 |
_aBATCH-UPD _b10 _c20130110 _lUCH01 _h0936 |
||
| 590 |
_aBATCH-UPD _b10 _c20130410 _lUCH01 _h0554 |
||
| 590 |
_aBATCH-UPD _b10 _c20130914 _lUCH01 _h0724 |
||
| 590 |
_aCONVERSION _b10 _c20130109 _lUCH01 _h1354 |
||
| 650 | 1 | 4 |
_aBosques _xEcología. _914131 |
| 650 | 1 | 4 |
_aBosques _zHidalgo. _914415 |
| 650 | 1 | 4 |
_aCambio climático _xBosques. _917782 |
| 700 | 0 |
_aMonterroso Rivas, Alejandro Ismael. _977837 |
|
| 901 | _aBK | ||
| 942 | _cLIBRO | ||
| 949 |
_a574.52642 B65 _bBC _cUACH _d33724002172058 _eUACH _gI.c/e _h112661 _i110220 _sb |
||
| 999 |
_c98562 _d98562 |
||